[Event "Ekaterinburg Scerbin Memorial Blitz"]
[Site "Ekaterinburg"]
[Date "2024.01.12"]
[Round "10"]
[White "Makarian, Rudik"]
[Black "Pridorozhni, Aleksei"]
[Result "1/2-1/2"]
[WhiteElo "2525"]
[BlackElo "2514"]
[PlyCount "72"]
[EventDate "2024.01.12"]
[EventType "swiss (blitz)"]
[EventRounds "13"]
[EventCountry "RUS"]
[SourceTitle "CB03_2024"]
[SourceDate "2024.01.17"]
[SourceVersion "1"]
[SourceVersionDate "2024.01.17"]
[SourceQuality "1"]

1. Nf3 Nf6 2. c4 e6 3. g3 d5 4. Bg2 dxc4 5. Qa4+ Nbd7 6. Qxc4 a6 7. Qc2 c5 8. 0-0 Be7 9. d4 0-0 10. Nc3 Ra7 11. Rd1 b6 12. Bf4 Bb7 13. dxc5 Bxc5 14. Na4 Be7 15. Rac1 Qa8 16. Be3 Be4 17. Qd2 Rb7 18. Nc3 Bc6 19. Bh3 Rc7 20. Bf4 Rcc8 21. Nd4 Bb7 22. Nf3 Rfd8 23. Qe1 b5 24. a3 Nc5 25. Bg2 Nb3 26. Rxd8+ Rxd8 27. Rd1 h6 28. Rxd8+ Qxd8 29. Qd1 Qxd1+ 30. Nxd1 Nd7 31. Ne5 Bxg2 32. Kxg2 Nxe5 33. Bxe5 f6 34. Bc3 Kf7 35. e4 f5 36. exf5 exf5 1/2-1/2

[Event "Ekaterinburg Scerbin Memorial Blitz"]
[Site "Ekaterinburg"]
[Date "2024.01.12"]
[Round "2"]
[White "Melnikov, Vadim1"]
[Black "Pridorozhni, Aleksei"]
[Result "0-1"]
[WhiteElo "1994"]
[BlackElo "2514"]
[PlyCount "96"]
[EventDate "2024.01.12"]
[EventType "swiss (blitz)"]
[EventRounds "13"]
[EventCountry "RUS"]
[SourceTitle "CB03_2024"]
[SourceDate "2024.01.17"]
[SourceVersion "1"]
[SourceVersionDate "2024.01.17"]
[SourceQuality "1"]

1. d4 d6 2. c4 e5 3. Nc3 Nf6 4. Bg5 Be7 5. e3 0-0 6. Nf3 Nc6 7. Be2 Bf5 8. a3 h6 9. Bh4 Re8 10. 0-0 Nd7 11. Bxe7 Nxe7 12. Rc1 exd4 13. Nxd4 Bg6 14. Bf3 c6 15. Re1 Ne5 16. Be2 Nf5 17. Nxf5 Bxf5 18. f4 Ng6 19. Bg4 Bxg4 20. Qxg4 Qb6 21. Na4 Qa5 22. Nc3 Re7 23. Re2 Rae8 24. Rce1 Qc5 25. f5 Rxe3 26. Rxe3 Rxe3 27. Rxe3 Qxe3+ 28. Kf1 Ne5 29. Qe2 Qf4+ 30. Kg1 Qd4+ 31. Kf1 Qxc4 32. Qxc4 Nxc4 33. Ne4 d5 34. Nc5 b6 35. Nd3 c5 36. Ke2 f6 37. Nf4 d4 38. Ne6 Nxb2 39. Nc7 Nc4 40. a4 Nd6 41. g4 Kf7 42. Ne6 g6 43. Nd8+ Kg8 44. fxg6 Kg7 45. Kd3 Kxg6 46. Nc6 Kg5 47. Nxa7 Kxg4 48. Nc6 Kh3 0-1

[Event "Ekaterinburg Scerbin Memorial Blitz"]
[Site "Ekaterinburg"]
[Date "2024.01.12"]
[Round "1"]
[White "Pridorozhni, Aleksei"]
[Black "Golikov, Ivan"]
[Result "1-0"]
[WhiteElo "2514"]
[BlackElo "1501"]
[PlyCount "51"]
[EventDate "2024.01.12"]
[EventType "swiss (blitz)"]
[EventRounds "13"]
[EventCountry "RUS"]
[SourceTitle "CB03_2024"]
[SourceDate "2024.01.17"]
[SourceVersion "1"]
[SourceVersionDate "2024.01.17"]
[SourceQuality "1"]

1. e4 c5 2. Nc3 a6 3. Nf3 d6 4. d4 cxd4 5. Nxd4 Nf6 6. Rg1 e5 7. Nb3 Be7 8. g4 h6 9. h4 Nh7 10. Be3 Be6 11. Nd5 Nd7 12. Nxe7 Qxe7 13. g5 hxg5 14. hxg5 Nhf8 15. Qd2 Rd8 16. 0-0-0 Bxb3 17. axb3 Nc5 18. Qb4 Nfe6 19. Bc4 b5 20. Bd5 g6 21. Qa5 Rc8 22. b4 Nd7 23. Rh1 Rxh1 24. Rxh1 Nef8 25. Qxa6 Nb8 26. Qxc8+ 1-0

[Event "RUS Cup final"]
[Site "Khanty-Mansiysk"]
[Date "2023.12.08"]
[Round "2.2"]
[White "Tsydypov, Zhamsaran"]
[Black "Pridorozhni, Aleksei"]
[Result "1/2-1/2"]
[WhiteElo "2530"]
[BlackElo "2500"]
[PlyCount "77"]
[EventDate "2023.12.05"]
[EventType "k.o."]
[EventRounds "4"]
[EventCountry "RUS"]
[SourceTitle "CB50_2023"]
[SourceDate "2023.12.13"]
[SourceVersion "1"]
[SourceVersionDate "2023.12.13"]
[SourceQuality "1"]

1. e4 e5 2. Nf3 Nf6 3. Nxe5 d6 4. Nf3 Nxe4 5. d4 d5 6. Bd3 Be7 7. 0-0 Bf5 8. c4 Nc6 9. cxd5 Qxd5 10. Nc3 Nxc3 11. bxc3 Bxd3 12. Qxd3 0-0 13. Rb1 b6 14. Bf4 Qd7 15. Rb5 f6 16. Rh5 g6 17. Rh3 Bd6 18. Bh6 Rf7 19. Nh4 Bf8 20. Nxg6 hxg6 21. Qxg6+ Bg7 22. Bc1 Ne7 23. Qh7+ Kf8 24. Rf3 c5 25. h4 f5 26. Re1 Ng8 27. Qh5 Re8 28. Rxe8+ Kxe8 29. Re3+ Kf8 30. dxc5 bxc5 31. Qf3 Re7 32. Rd3 Re1+ 33. Kh2 Qe6 34. Qa8+ Kf7 35. Qxa7+ Ne7 36. Bg5 c4 37. Rg3 Bf6 38. f4 Qd6 39. Rf3 1/2-1/2

[Event "RUS Cup final"]
[Site "Khanty-Mansiysk"]
[Date "2023.12.06"]
[Round "1.2"]
[White "Lintchevski, Daniil"]
[Black "Pridorozhni, Aleksei"]
[Result "1/2-1/2"]
[WhiteElo "2546"]
[BlackElo "2500"]
[PlyCount "108"]
[EventDate "2023.12.05"]
[EventType "k.o."]
[EventRounds "4"]
[EventCountry "RUS"]
[SourceTitle "CB50_2023"]
[SourceDate "2023.12.13"]
[SourceVersion "1"]
[SourceVersionDate "2023.12.13"]
[SourceQuality "1"]

1. d4 Nf6 2. c4 e6 3. Nc3 d5 4. cxd5 exd5 5. Bg5 c6 6. e3 Be7 7. Bd3 h6 8. Bh4 0-0 9. Qc2 a5 10. Nf3 Na6 11. a3 Nc7 12. 0-0 Ne6 13. h3 Nh5 14. Bxe7 Qxe7 15. Ne5 Nf6 16. f4 c5 17. Qf2 b6 18. Rad1 Bb7 19. Rfe1 Rad8 20. Qh4 Qc7 21. Bf5 Rfe8 22. Kh2 Nd7 23. Qg3 Nf6 24. Qh4 Nd7 25. Nb5 Qb8 26. Qh5 Nxe5 27. dxe5 Bc6 28. Nd6 Rxd6 29. exd6 Qxd6 30. Bb1 c4 31. Qf5 Nf8 32. Qg4 Qf6 33. Rd2 Ne6 34. e4 h5 35. Qf5 Qxf5 36. exf5 Nc7 37. Rxe8+ Nxe8 38. g4 hxg4 39. hxg4 Kf8 40. Kg3 Ke7 41. g5 Kd6 42. Re2 Bd7 43. Kf2 b5 44. Ke3 b4 45. Kd2 Nc7 46. axb4 axb4 47. g6 f6 48. Rh2 Ne8 49. Rh8 b3 50. Rf8 Kc5 51. Rf7 Bc6 52. Re7 Bb5 53. Kc1 Bc6 54. Kd2 Bb5 1/2-1/2

[Event "RUS Cup final"]
[Site "Khanty-Mansiysk"]
[Date "2023.12.05"]
[Round "1.1"]
[White "Pridorozhni, Aleksei"]
[Black "Lintchevski, Daniil"]
[Result "1-0"]
[WhiteElo "2500"]
[BlackElo "2546"]
[PlyCount "187"]
[EventDate "2023.12.05"]
[EventType "k.o."]
[EventRounds "4"]
[EventCountry "RUS"]
[SourceTitle "CB50_2023"]
[SourceDate "2023.12.13"]
[SourceVersion "1"]
[SourceVersionDate "2023.12.13"]
[SourceQuality "1"]

1. c4 c6 2. Nf3 d5 3. d4 Nf6 4. Nc3 dxc4 5. a4 Bf5 6. Ne5 Nbd7 7. Nxc4 Qc7 8. g3 e5 9. dxe5 Nxe5 10. Bf4 Nfd7 11. Bg2 g5 12. Ne3 gxf4 13. Nxf5 0-0-0 14. Qc2 fxg3 15. hxg3 Nf6 16. Kf1 Kb8 17. Bf3 Bb4 18. Kg2 a5 19. Rad1 Rxd1 20. Rxd1 Rd8 21. Ne4 Rxd1 22. Qxd1 Qd7 23. Qxd7 Nfxd7 24. Bh5 Kc7 25. f4 Ng6 26. e3 Nc5 27. Nxc5 Bxc5 28. Kf3 b5 29. b3 f6 30. e4 Ne7 31. Ng7 Kb6 32. Be8 Bd4 33. Ne6 Bc3 34. Bd7 bxa4 35. bxa4 Be1 36. Be8 h6 37. Bd7 Bc3 38. Ke2 Bb4 39. Ng7 Bc3 40. Kd3 Bb2 41. Kc4 Kc7 42. Bg4 Kd8 43. Ne6+ Ke8 44. Kc5 Bc3 45. Kb6 Be1 46. Bh5+ Kd7 47. Nc5+ Kc8 48. Bg4+ Kd8 49. Nb7+ Ke8 50. Nxa5 Bxg3 51. Nc4 f5 52. exf5 Bxf4 53. a5 Nd5+ 54. Kxc6 Nb4+ 55. Kb7 Ke7 56. a6 Nxa6 57. Kxa6 Kf6 58. Kb5 h5 59. Bh3 Kg5 60. Kc5 Kh4 61. Bf1 Kg4 62. Bd3 h4 63. Kd5 h3 64. Ke6 Bg5 65. Be4 Kg3 66. Ne5 Kf2 67. Nf3 Bd8 68. f6 Bxf6 69. Kxf6 Kg3 70. Kg5 h2 71. Nh4 Kf2 72. Nf5 Ke2 73. Kg4 h1Q 74. Bxh1 Kd3 75. Kf4 Kc4 76. Be4 Kc5 77. Ke5 Kc4 78. Kd6 Kb4 79. Kd5 Kb5 80. Bd3+ Kb4 81. Kd4 Kb3 82. Ne3 Kb4 83. Bc4 Ka3 84. Kc5 Kb2 85. Kb4 Kb1 86. Kc3 Kc1 87. Nc2 Kb1 88. Bb3 Kc1 89. Ba2 Kd1 90. Nd4 Ke1 91. Bd5 Kf2 92. Nf5 Ke2 93. Kc2 Ke1 94. Bf3 1-0

[Event "Khanty-Mansiysk TOP 28 Rapid GP"]
[Site "Khanty-Mansiysk"]
[Date "2023.12.02"]
[Round "8"]
[White "Vastrukhin, Oleg"]
[Black "Pridorozhni, Aleksei"]
[Result "0-1"]
[WhiteElo "2343"]
[BlackElo "2486"]
[PlyCount "86"]
[EventDate "2023.12.01"]
[EventType "tourn (rapid)"]
[EventRounds "13"]
[EventCountry "RUS"]
[EventCategory "10"]
[SourceTitle "CB49_2023"]
[SourceDate "2023.12.06"]
[SourceVersion "1"]
[SourceVersionDate "2023.12.06"]
[SourceQuality "1"]

1. Nf3 Nf6 2. g3 c5 3. Bg2 Nc6 4. 0-0 e5 5. c4 d5 6. cxd5 Nxd5 7. Nc3 Be6 8. d3 Be7 9. Nxd5 Bxd5 10. Bd2 0-0 11. Bc3 f6 12. a4 Qd7 13. a5 Rac8 14. Qa4 Rfd8 15. Rfc1 Rc7 16. Nd2 Be6 17. Nc4 Rdc8 18. a6 b6 19. Na3 Nd4 20. Qxd7 Bxd7 21. Bxd4 cxd4 22. Bd5+ Kf8 23. Rcb1 Bxa3 24. Rxa3 Rc1+ 25. Rxc1 Rxc1+ 26. Kg2 Ke7 27. b4 Kd6 28. Bc4 Bc6+ 29. f3 b5 30. Bg8 h6 31. Kf2 Rb1 32. Bb3 Bd5 33. Bxd5 Kxd5 34. Ra2 Rxb4 35. Rc2 Ra4 36. Rc7 Rxa6 37. Rxg7 b4 38. Rb7 Kc5 39. f4 exf4 40. g4 Rb6 41. Rxa7 b3 42. Ra1 Kb4 43. Kf3 b2 0-1

[Event "Khanty-Mansiysk TOP 28 Rapid GP"]
[Site "Khanty-Mansiysk"]
[Date "2023.12.01"]
[Round "5"]
[White "Pridorozhni, Aleksei"]
[Black "Zakhartsov, Vladimir"]
[Result "1-0"]
[WhiteElo "2486"]
[BlackElo "2525"]
[PlyCount "51"]
[EventDate "2023.12.01"]
[EventType "tourn (rapid)"]
[EventRounds "13"]
[EventCountry "RUS"]
[EventCategory "10"]
[SourceTitle "CB49_2023"]
[SourceDate "2023.12.06"]
[SourceVersion "1"]
[SourceVersionDate "2023.12.06"]
[SourceQuality "1"]

1. e4 c6 2. d4 d5 3. e5 c5 4. Nf3 cxd4 5. Nxd4 Nc6 6. Nxc6 bxc6 7. Bd3 Ba6 8. e6 fxe6 9. Qh5+ Kd7 10. 0-0 Bxd3 11. cxd3 Nf6 12. Qh3 h5 13. Nd2 Ng4 14. Nb3 Ke8 15. d4 g6 16. f3 Nf6 17. Nc5 Qc8 18. Nxe6 Kf7 19. Re1 Rb8 20. b3 Bg7 21. Bf4 Ra8 22. Nxg7 Qxh3 23. gxh3 Kxg7 24. Rxe7+ Kf8 25. Bd6 Ne8 26. Rxa7+ 1-0

[Event "Khanty-Mansiysk Governor Cup Rapid"]
[Site "Khanty-Mansiysk"]
[Date "2023.11.28"]
[Round "10"]
[White "Sharafutdinov, Ayrat"]
[Black "Pridorozhni, Aleksei"]
[Result "0-1"]
[WhiteElo "2081"]
[BlackElo "2486"]
[PlyCount "88"]
[EventDate "2023.11.26"]
[EventType "swiss (rapid)"]
[EventRounds "11"]
[EventCountry "RUS"]
[SourceTitle "CB49_2023"]
[SourceDate "2023.12.06"]
[SourceVersion "1"]
[SourceVersionDate "2023.12.06"]
[SourceQuality "1"]

1. Nf3 Nf6 2. d4 e6 3. g3 b5 4. Bg2 Bb7 5. 0-0 c5 6. a4 b4 7. Nbd2 cxd4 8. Nb3 Be7 9. Nbxd4 0-0 10. b3 Nc6 11. Bb2 Nxd4 12. Qxd4 Qa5 13. c4 bxc3 14. Bxc3 Qh5 15. b4 a6 16. Rab1 Bc6 17. Ne5 Bxg2 18. Kxg2 Qxe2 19. Rfe1 Qc2 20. b5 axb5 21. axb5 Qa4 22. Bb4 Rfb8 23. Red1 Bxb4 24. Rxb4 Qa5 25. Rdb1 Qb6 26. Qxb6 Rxb6 27. Nc4 Rbb8 28. b6 Kf8 29. b7 Ra7 30. Nd6 Ne8 31. Nc8 Ra6 32. Rd1 Nf6 33. Nd6 Ke7 34. Nc8+ Kd8 35. Nd6 Nd5 36. Nxf7+ Ke7 37. Ne5 d6 38. Rxd5 exd5 39. Nd3 Kd7 40. Nf4 Ra5 41. Rb3 g5 42. Nh5 Kc6 43. Ng7 Rxb7 44. Rc3+ Rc5 0-1

[Event "Khanty-Mansiysk Governor Cup 19th"]
[Site "Khanty-Mansiysk"]
[Date "2023.11.18"]
[Round "2"]
[White "Pridorozhni, Aleksei"]
[Black "Babakekhyan, Artem"]
[Result "1-0"]
[WhiteElo "2486"]
[BlackElo "2253"]
[PlyCount "95"]
[EventDate "2023.11.17"]
[EventType "swiss"]
[EventRounds "9"]
[EventCountry "RUS"]
[SourceTitle "CB48_2023"]
[SourceDate "2023.11.29"]
[SourceVersion "1"]
[SourceVersionDate "2023.11.29"]
[SourceQuality "1"]

1. e4 c6 2. d4 d5 3. e5 Bf5 4. Nd2 e6 5. Nb3 c5 6. Bb5+ Nc6 7. dxc5 Bxc5 8. Bxc6+ bxc6 9. Nxc5 Qa5+ 10. c3 Qxc5 11. Ne2 Ne7 12. 0-0 Bg4 13. Be3 Bxe2 14. Bxc5 Bxd1 15. Raxd1 Kd7 16. Rd3 f5 17. exf6 gxf6 18. Re1 Nf5 19. Rf3 h5 20. Rxf5 exf5 21. Re7+ Kc8 22. Re6 Kb7 23. Rxf6 a5 24. Rf7+ Ka6 25. a4 Rhb8 26. b4 axb4 27. cxb4 Rb7 28. Rxf5 Rh7 29. Rf6 Kb7 30. a5 Re8 31. g3 h4 32. Kg2 h3+ 33. Kf3 Re1 34. g4 Rh1 35. Bd6 Ka6 36. g5 Rg1 37. Bg3 Kb5 38. Kg4 d4 39. Rd6 c5 40. bxc5 Kc4 41. c6 Ra7 42. Rd7 Rxa5 43. c7 Rc5 44. g6 Re1 45. g7 Re8 46. Rd8 Re4+ 47. Kf3 Kd3 48. c8Q 1-0

[Event "Minsk op"]
[Site "Minsk"]
[Date "2023.11.11"]
[Round "9"]
[White "Pridorozhni, Aleksei"]
[Black "Lintchevski, Daniil"]
[Result "1-0"]
[WhiteElo "2486"]
[BlackElo "2542"]
[PlyCount "117"]
[EventDate "2023.11.03"]
[EventType "swiss"]
[EventRounds "9"]
[EventCountry "BLR"]
[SourceTitle "CB46_2023"]
[SourceDate "2023.11.15"]
[SourceVersion "1"]
[SourceVersionDate "2023.11.15"]
[SourceQuality "1"]

1. e4 e5 2. Nf3 Nc6 3. Bb5 a6 4. Ba4 Nf6 5. 0-0 Be7 6. d3 b5 7. Bb3 d6 8. a3 Na5 9. Ba2 c5 10. Nc3 Be6 11. Bg5 0-0 12. Bxf6 Bxf6 13. Nd5 g6 14. Qd2 Bg7 15. Ng5 Nc6 16. c3 h6 17. Nxe6 fxe6 18. Ne3 Qe7 19. a4 Rab8 20. axb5 axb5 21. Bb3 Rb6 22. Ra2 Kh7 23. Rfa1 b4 24. Bd1 Rb7 25. Ra6 Nb8 26. Ra8 Nd7 27. R8a7 Nb8 28. Rxb7 Qxb7 29. cxb4 cxb4 30. Bb3 Re8 31. Nc4 Bf8 32. Rd1 Na6 33. d4 exd4 34. Qxd4 Qg7 35. Qe3 Qc7 36. h4 Qc5 37. Qf4 Qc7 38. Nxd6 Bxd6 39. Qxd6 Qxd6 40. Rxd6 Nc5 41. Bc4 Nxe4 42. Rb6 Kg7 43. Bxe6 Nc5 44. Bc4 b3 45. Bxb3 Re1+ 46. Kh2 Re2 47. Bd5 Rxf2 48. b4 Nd3 49. Rb7+ Kf6 50. Rf7+ Ke5 51. Rxf2 Nxf2 52. Bf3 Kd4 53. b5 Kc5 54. Be2 g5 55. hxg5 hxg5 56. Kg3 Ne4+ 57. Kg4 Nc3 58. Bd3 Kd4 59. b6 1-0

[Event "Minsk op"]
[Site "Minsk"]
[Date "2023.11.03"]
[Round "1"]
[White "Pridorozhni, Aleksei"]
[Black "Kholiusev, Mikhail"]
[Result "1-0"]
[WhiteElo "2486"]
[BlackElo "1441"]
[PlyCount "65"]
[EventDate "2023.11.03"]
[EventType "swiss"]
[EventRounds "9"]
[EventCountry "BLR"]
[SourceTitle "CB46_2023"]
[SourceDate "2023.11.15"]
[SourceVersion "1"]
[SourceVersionDate "2023.11.15"]
[SourceQuality "1"]

1. e4 c5 2. Nc3 Nc6 3. Bb5 Nd4 4. Nf3 e6 5. Nxd4 cxd4 6. Ne2 Qb6 7. Ba4 Nf6 8. d3 g6 9. 0-0 Bg7 10. c3 dxc3 11. bxc3 0-0 12. Ba3 Rd8 13. e5 Nd5 14. Bd6 Qa5 15. c4 Nc3 16. Nxc3 Qxc3 17. Rc1 Qd4 18. Re1 b6 19. Re4 Qb2 20. Rc2 Qxc2 21. Qxc2 Bb7 22. Re1 h5 23. Qd2 Bf8 24. Bxf8 Kxf8 25. Qh6+ Kg8 26. h3 d5 27. Bb3 dxc4 28. Bxc4 Bd5 29. Bxd5 Rxd5 30. Re3 Rc8 31. g4 Rc1+ 32. Kg2 Rc2 33. gxh5 1-0

[Event "RUS-chT Blitz"]
[Site "Sochi"]
[Date "2023.10.17"]
[Round "9.18"]
[White "Lintchevski, Daniil"]
[Black "Pridorozhni, Aleksei"]
[Result "1-0"]
[WhiteElo "2542"]
[BlackElo "2486"]
[PlyCount "165"]
[EventDate "2023.10.17"]
[EventType "team-swiss (blitz)"]
[EventRounds "13"]
[EventCountry "RUS"]
[SourceTitle "Mega2024 Update 01"]
[Source "Chessbase"]
[SourceDate "2023.11.12"]
[SourceVersion "1"]
[SourceVersionDate "2023.11.12"]
[SourceQuality "1"]
[WhiteTeam "St Petersburg SShOR"]
[BlackTeam "Sverdlovsk Region Malakhit"]
[WhiteTeamCountry "RUS"]
[BlackTeamCountry "RUS"]

1. e4 c5 2. c3 e6 3. d4 d5 4. exd5 exd5 5. Nf3 Nc6 6. Bb5 Bd6 7. dxc5 Bxc5 8. 0-0 Nge7 9. Nbd2 0-0 10. Nb3 Bb6 11. Bf4 Nf5 12. Qd2 h6 13. Rad1 Be6 14. Ne5 Rc8 15. Nxc6 bxc6 16. Ba6 Rc7 17. Bxc7 Qxc7 18. Nd4 Nxd4 19. cxd4 Re8 20. Rfe1 Qd6 21. b4 Re7 22. a3 Bc7 23. g3 Bd7 24. Rxe7 Qxe7 25. Re1 Qf6 26. Be2 Bb6 27. Rd1 g6 28. Qe3 h5 29. h4 Bc7 30. Bf3 Bd6 31. Kg2 Qf5 32. Kg1 Qc2 33. Re1 Kg7 34. Rc1 Qf5 35. Bg2 Qf6 36. Qd3 Qe7 37. Qd2 Qf6 38. Re1 Bc7 39. Qd3 Bb6 40. Rd1 Bg4 41. Rd2 Bf5 42. Qe3 Bc7 43. Re2 Bb6 44. Rd2 Bc7 45. a4 Be6 46. b5 cxb5 47. axb5 Kg8 48. Rc2 Bb6 49. Qe5 Bxd4 50. Qxf6 Bxf6 51. Rc7 Bd4 52. Bxd5 Bxd5 53. Rd7 Bc4 54. Rxd4 Bxb5 55. Rd6 a6 56. Kg2 Kg7 57. Kf3 Bc4 58. Kf4 Bb5 59. Ke5 Bc4 60. Rc6 Bb5 61. Rb6 Bc4 62. Rd6 Bb5 63. Kd4 Be2 64. Kc5 Bb5 65. Kb6 Kf8 66. Kc7 Ke7 67. Rb6 Bf1 68. Rb1 Bc4 69. Re1+ Kf6 70. Kd6 Kf5 71. Ke7 Be6 72. Ra1 Kg4 73. Ra3 a5 74. Kf6 a4 75. Rxa4+ Kf3 76. Rf4+ Kg2 77. Kg5 Bd5 78. Rd4 Be6 79. Rf4 Bd5 80. Kf6 Bf3 81. Kxf7 Kxf2 82. Kxg6 Kxg3 83. Rxf3+ 1-0

[Event "RUS-chT Blitz"]
[Site "Sochi"]
[Date "2023.10.17"]
[Round "10.22"]
[White "Pridorozhni, Aleksei"]
[Black "Khripachenko, Alexander"]
[Result "1-0"]
[WhiteElo "2486"]
[BlackElo "2259"]
[PlyCount "37"]
[EventDate "2023.10.17"]
[EventType "team-swiss (blitz)"]
[EventRounds "13"]
[EventCountry "RUS"]
[SourceTitle "Mega2024 Update 01"]
[Source "Chessbase"]
[SourceDate "2023.11.12"]
[SourceVersion "1"]
[SourceVersionDate "2023.11.12"]
[SourceQuality "1"]
[WhiteTeam "Sverdlovsk Region Malakhit"]
[BlackTeam "Krasnodarsk Region"]
[WhiteTeamCountry "RUS"]
[BlackTeamCountry "RUS"]

1. e4 c5 2. Nc3 e6 3. Nf3 Nc6 4. Bb5 Qc7 5. Bxc6 Qxc6 6. d4 cxd4 7. Nxd4 Qc7 8. Ndb5 Qb8 9. Be3 a6 10. Bb6 axb5 11. Nxb5 Bb4+ 12. c3 Ba5 13. Nd6+ Kf8 14. Bc5 b6 15. Qh5 Nh6 16. Qg5 f6 17. Nf5+ Ke8 18. Qxg7 Nf7 19. Qxf6 1-0

[Event "RUS-chT Blitz"]
[Site "Sochi"]
[Date "2023.10.17"]
[Round "5.14"]
[White "Pridorozhni, Aleksei"]
[Black "Smirnov, Pavel"]
[Result "0-1"]
[WhiteElo "2486"]
[BlackElo "2538"]
[PlyCount "202"]
[EventDate "2023.10.17"]
[EventType "team-swiss (blitz)"]
[EventRounds "13"]
[EventCountry "RUS"]
[SourceTitle "Mega2024 Update 01"]
[Source "Chessbase"]
[SourceDate "2023.11.12"]
[SourceVersion "1"]
[SourceVersionDate "2023.11.12"]
[SourceQuality "1"]
[WhiteTeam "Sverdlovsk Region Malakhit"]
[BlackTeam "Moscow Region Kuban"]
[WhiteTeamCountry "RUS"]
[BlackTeamCountry "RUS"]

1. e4 e5 2. Nf3 Nc6 3. Bb5 a6 4. Ba4 Nf6 5. Bxc6 dxc6 6. d3 Bd6 7. Nbd2 0-0 8. Nc4 Nd7 9. b3 c5 10. h3 f6 11. Nh4 Rf7 12. Nf5 Nf8 13. g4 Ne6 14. h4 b5 15. Nce3 Bf8 16. h5 Bb7 17. Qf3 Qd7 18. Qg3 Rd8 19. Bd2 Bxe4 20. dxe4 Qxd2+ 21. Kf1 Nf4 22. Qf3 Rfd7 23. Kg1 g6 24. Ng3 Qc3 25. Rc1 c4 26. Kh2 Bc5 27. Rhe1 g5 28. Ne2 Qa5 29. bxc4 Rd2 30. cxb5 axb5 31. Kh1 Qxa2 32. Nf1 Rxc2 33. Rxc2 Qxc2 34. Nxf4 gxf4 35. Kg2 Rd3 36. Re2 Qc3 37. Ne3 Bxe3 38. fxe3 Rxe3 39. Rxe3 Qxe3 40. Qd1 Qd4 41. Qb3+ Qc4 42. Qd1 Qxe4+ 43. Kh2 Qd4 44. Qb3+ Kf8 45. Qe6 Qd2+ 46. Kh1 Qd6 47. Qc8+ Ke7 48. Qg8 Qd1+ 49. Kh2 Qe2+ 50. Kh3 Qd3+ 51. Kh2 f3 52. Kg3 Qe4 53. Qg7+ Ke8 54. Qg8+ Kd7 55. Qf7+ Kc6 56. Qxf6+ Kc5 57. g5 Qe3 58. g6 hxg6 59. hxg6 e4 60. g7 Qg1+ 61. Kf4 f2 62. Qe5+ Kb6 63. Qd4+ Ka6 64. Kxe4 Qg4+ 65. Ke3 Qxd4+ 66. Kxd4 f1Q 67. g8Q Qf4+ 68. Kc3 Qe5+ 69. Kb3 Qe3+ 70. Kb2 Qd4+ 71. Kb3 Qa4+ 72. Kc3 Qa3+ 73. Kc2 Qc5+ 74. Kb3 Kb7 75. Qg2+ c6 76. Qg4 Kb6 77. Qf4 Qd5+ 78. Kb2 c5 79. Qb8+ Ka6 80. Qc8+ Ka5 81. Qh3 Qd4+ 82. Kc2 b4 83. Qe6 Qc3+ 84. Kb1 Qd3+ 85. Kb2 Qd4+ 86. Kb1 Qd1+ 87. Kb2 Qd2+ 88. Kb1 Kb5 89. Qe8+ Kc4 90. Qe6+ Qd5 91. Qa6+ Kd4 92. Qa1+ Ke4 93. Qa7 Qd1+ 94. Kb2 Qd2+ 95. Kb1 c4 96. Qh7+ Kd4 97. Qg7+ Kd3 98. Qg3+ Qe3 99. Qg7 Qe1+ 100. Kb2 Qd2+ 101. Kb1 Qc2+ 0-1

[Event "RUS-ch Rapid"]
[Site "Sochi"]
[Date "2023.10.16"]
[Round "6"]
[White "Pingin, Artem"]
[Black "Pridorozhni, Aleksei"]
[Result "0-1"]
[WhiteElo "2398"]
[BlackElo "2486"]
[PlyCount "87"]
[EventDate "2023.10.15"]
[EventType "swiss (rapid)"]
[EventRounds "11"]
[EventCountry "RUS"]
[SourceTitle "Mega2024 Update 01"]
[Source "Chessbase"]
[SourceDate "2023.11.12"]
[SourceVersion "1"]
[SourceVersionDate "2023.11.12"]
[SourceQuality "1"]

1. e4 c5 2. Nf3 Nc6 3. d4 cxd4 4. Nxd4 Qb6 5. Nb3 Nf6 6. Nc3 e6 7. Qe2 Qc7 8. Bd2 a6 9. g4 d6 10. g5 Nd7 11. 0-0-0 b5 12. f4 Nb6 13. Kb1 Be7 14. Qf2 b4 15. Ne2 e5 16. Ng3 g6 17. Be3 Rb8 18. h4 exf4 19. Qxf4 Ne5 20. h5 Rf8 21. Bd4 Nbd7 22. hxg6 hxg6 23. c3 a5 24. cxb4 a4 25. Na1 Rxb4 26. Nc2 Rb8 27. Ne3 Qd8 28. Nd5 Bxg5 29. Qf2 a3 30. Qc2 Rg8 31. b3 Bb7 32. Nc3 Bc6 33. Be2 Bf4 34. Rhg1 Rh8 35. Rdf1 Rh4 36. Rf2 Rc8 37. Nf1 Nf6 38. Bd3 Bb7 39. Ka1 Kf8 40. Nd2 Nc6 41. Bxf6 Qxf6 42. e5 Qxe5 43. Nc4 Nb4 44. Be2 0-1